000 00671nam a2200241Ia 4500
001 21058
005 20240114000542.0
007 ta
008 060301s1950 a g b000 u 465 u
040 _aCotton College,Assam
041 _a465
082 _a533.6
_bM 593 Su
100 _aMiles, Edward R.C..
245 0 _aSupersonic Aerodynamics: A Theoretical Introduction /
_cEdward R.C.Miles.
_hTextual Documents
250 _a1st ed. /
260 _aNew York :
_bMcGraw - Hill book company ,
_cC1950.
300 _a254p. :
_bill ;
_c22cm .
653 _aAerodynamics
653 _aG-Physics
942 _2ddc
_cBK
999 _c21040
_d21040